Statistics for Cities of Serbia

Click here to take the quiz!

General Stats

  • This quiz has been taken 254 times
  • The average score is 6 of 9

Answer Stats

DescriptionCity% Correct
Capital cityBelgrade
100%
Second biggest cityNovi Sad
99%
Famous for people speechNis
89%
Also called heart of SerbiaKragujevac
74%
City with most peppers and tomatosLeskovac
61%
Emperor Lazar capital cityKrusevac
58%
City famous for dairy industrySubotica
56%
City with most sellfish peoplePirot
51%
Hottest natural spa in the world(96° C)Vranje
47%

Score Distribution

Percentile by Number Answered

Percent of People with Each Score

Your Score History

You have not taken this quiz